7-Letter Vocabulary (Easy) Quiz Stats

 Plays Quiz Updated Dec 19, 2017

Challenge
Share
Tweet
Embed
Score 0/25 Timer 04:00
1 Play Today
% Correct
airport
96.5%
pyramid
96.3%
sandbox
96.2%
iceberg
96.1%
karaoke
96%
explode
95.8%
jewelry
95.7%
grocery
95.7%
decline
95.6%
unknown
95.4%
volcano
95.4%
symptom
95.3%
observe
95.2%
% Correct
factory
95.2%
sarcasm
95.1%
creator
94.8%
testify
94.6%
deposit
94.4%
nervous
94.4%
balance
93.8%
miracle
91.5%
outlook
91.3%
capable
90.3%
quality
88.9%
include
81.7%

You're not logged in!

Compare scores with friends on all Sporcle quizzes.
OR
Log In

You Might Also Like...

Show Comments

Extras

Top Quizzes Today


Score Distribution

Your Account Isn't Verified!

In order to create a playlist on Sporcle, you need to verify the email address you used during registration. Go to your Sporcle Settings to finish the process.

Report this User

Report this user for behavior that violates our Community Guidelines.

Details: